000 00776nam a22002057a 4500
999 _c17193
_d17193
003 AR-CdUCM
008 190507b ||||| |||| 00| 0 spa d
040 _aMUNICIPALIDAD PROVINCIAL DEL CUSCO
_cBIBLIOTECA MUNICIPAL DEL CUSCO
082 _a985.05 /
_bP78 / 1930
100 _aPorras Barrenechea, Raul
_915964
245 _aEl congreso de Panamá (1826) /
260 _aLima :
_bLa opinión nacional,
_c1930.
300 _a500 páginas ;
_c21 cm.
505 _aContenido : El congreso de Panamá (1826) -- La iniciativa del congreso -- La gestión bolivariana para el congreso de Panamá -- La iniciativa del congreso en el Perú ...
650 _aCongreso
_912680
650 _aPanamá
_910327
650 _aPerú
_935
942 _2ddc
_cLIBROS
945 _arah
_d07/05/2019